000 00416nam a2200145Ia 4500
008 230917s9999||||xx |||||||||||||| ||und||
040 _e62140
_aMAIN
041 _aEnglish
082 _a323.4 F327R
100 _aFeinberg, Joel
245 0 _aRights, justice and the bounds of liberty: essays in social philosophy
260 _aNew Jersey
_bPrinceton University Press
_c1980
300 _axvi, 318 p.
942 _cBK
999 _c225384
_d225384